000
00284nam a2200121Ia 4500
008
190216s9999||||xx |||||||||||||| ||und||
100
_a
Ruddar Dutt And Sundharam Kpm
245
0
_a
Indian Economy
260
_b
Sudha Pubs Pvt Ltd
300
_a
727p
650
_a
Economics
942
_c
BK
999
_c
9297
_d
9297